| 000 | 02013nam a22002777a 4500 | ||
|---|---|---|---|
| 003 | OSt | ||
| 005 | 20250505102431.0 | ||
| 008 | 200206s2018 mx ||||er|||| 00| f spa d | ||
| 020 | _a9786070751097 | ||
| 040 |
_aCO-JMCR _cCO-JMCR |
||
| 082 |
_aA-N _bTAIo |
||
| 100 | 1 |
_aTaibo II, Paco Ignacio, _eautor _9198 |
|
| 245 | 1 | 3 |
_aEl olor de las magnolias ; La libertad, la bicicleta / _cPaco Ignacio Taibo II |
| 250 | _aPrimera edición | ||
| 260 |
_aMéxico : _bPlaneta, _c2018 |
||
| 300 |
_a114, 84 páginas ; _c21 cm. |
||
| 500 | _a"¿Qué hacen estos campesinos italianos en Veracruz al final de la dictadura porfirista? ¿Cuál es el pecado de Lucio que lo hace regresar a Nápoles 80 años después'"--Tapa | ||
| 500 | _a"Un periodista intenta huir de la censura de la dictadura franquista y descubre que el ciclismo profesional es la salida"--Tapa | ||
| 520 | _aLibro que reúne dos novelas breves de Paco Ignacio Taibo II, en El olor de las magnolias, un grupo de supuestos campesinos italianos llegan a Veracruz durante la dictadura porfirista. Saben hacer de todo, excepto cultivar la tierra: entre ellos hay cirqueros, filósofos y hasta cazadores de conejos. Poco a poco descubrirán que Las Magnolias no es el paraíso que les prometieron y Lucio, el más joven del grupo, cometerá un pecado que, 80 años después, lo obligará a regresar a su natal Nápoles. La libertad, la bicicleta es una espléndida y personal crónica narrativa sobre la infancia del autor y la figura del Jefe, Paco Ignacio Taibo II, quien intentado huir de la censura franquista en España descubrió en el ciclismo profesional una salida. Alternando la narración con la voz de su propio padre, Paco Ignacio Taibo II nos revela un emotivo relato donde la esperanza puede nacer aun en medio del autoritarismo. | ||
| 650 | 1 | 4 |
_aNovela Mexicana _ySiglo XX _9199 |
| 650 | 1 | 4 |
_aLiteratura Mexicana _ySiglo XX _9200 |
| 650 | 1 | 4 |
_aCampesinos _x _9201 |
| 650 | 1 | 4 |
_aCiclismo _9202 |
| 650 | 1 | 4 |
_aItalianos _9203 |
| 942 |
_2ddc _cBK |
||
| 999 |
_c6435 _d6435 |
||